00534nam a22001817a 450000500170000000800410001702000260005804000090008404100120009308200130010510000350011824500770015326000370023030000080026765000190027570000360029470000220033020260421125840.0260421b |||||||| |||| 00| 0 eng d a9788120817777c375.00 aMAIN aEnglish a510bPAT aPatwardhan, Krishnaji Shankara aLilavati of Bhaskaracaryab:a Treatise of Mathematics of Vedic tradition aDelhibMotilal Banarsidassc2017 a201 aHindu Studies  aNaimpally, Someshakhara Amrita  aSingh, Shyam Lal